000
00306nam a22001337a 4500
020
_a
92-5-102104-X
041
_a
ENG
100
_a
Mather.T.H
245
_a
Environmental Management Ofr Vector Control In Rice Fields
260
_a
Rome
_b
FAO
_c
1984
300
_a
151
650
_a
FAO
856
_u
FAO (01)
999
_c
2384
_d
2384